000 00321nam a2200133 i 4500
001 bg
100 1 _aJassem, Wiktor
_d(1922- ).
245 0 _aFonetyka języka angielskiego /
_cWiktor Jassem.
260 _aWarszawa,
_c1979.
040 _cBPK
041 _apol
942 _cKS
008 s pl f |000 0 pol
999 _c18565
_d18565
856 _uhttp://koha.tu.koszalin.pl/cgi-bin/koha/opac-detail.pl?biblionumber=18565
_yKatalog online BPK